[Event "Elite POM"]
[Site "Montreal CAN"]
[Date "2012.10.07"]
[Round "4.14"]
[White "Zhou, Qiyu"]
[Black "Gueorguiev, Valentin"]
[Result "1-0"]
[WhiteElo "1921"]
[BlackElo "1996"]
[PlyCount "99"]
[GameId "2160767909444794"]
[EventDate "2012.10.05"]
[EventType "swiss"]
[EventRounds "7"]
[EventCountry "CAN"]
[SourceTitle "EXT 2022"]
[Source "ChessBase"]
[SourceDate "2021.10.06"]
[SourceVersion "1"]
[SourceVersionDate "2021.10.06"]
[SourceQuality "1"]

1. e4 g6 2. d4 Bg7 3. Nf3 c5 4. d5 d6 5. Nfd2 f5 6. Nc3 Nf6 7. Bd3 fxe4 8. Ndxe4 O-O 9. O-O Nbd7 10. Nxf6+ exf6 11. f4 f5 12. Be3 Nf6 13. Kh1 Ng4 14. Bg1 a6 15. a4 Bd7 16. Qd2 Re8 17. a5 Qh4 18. g3 Qe7 19. Na4 Bxa4 20. Rxa4 Rac8 21. c3 Qf7 22. Bc2 Re7 23. Bd1 Nf6 24. Bf3 Rce8 25. Raa1 Ne4 26. Qd3 c4 27. Qd1 h6 28. Ra4 Rc8 29. Re1 Kh7 30. Bxe4 fxe4 31. Kg2 Qf5 32. Bd4 Bxd4 33. Qxd4 Rc5 34. Rxc4 Rxd5 35. Qe3 Rb5 36. b4 d5 37. Rd4 b6 38. axb6 Rxb6 39. Red1 Rd6 40. c4 Qc8 41. Rxd5 Rxd5 42. cxd5 Qc4 43. Rd4 Qc2+ 44. Rd2 Qc4 45. Qc5 Rc7 46. Qxc4 Rxc4 47. d6 e3 48. d7 exd2 49. d8=Q Rc2 50. Kf3 1-0

[Event "Elite POM"]
[Site "Montreal CAN"]
[Date "2012.10.07"]
[Round "5.1"]
[White "Kovalyov, Anton"]
[Black "Masse, Hugues"]
[Result "1-0"]
[WhiteElo "2589"]
[BlackElo "2255"]
[PlyCount "49"]
[GameId "2160767909444795"]
[EventDate "2012.10.05"]
[EventType "swiss"]
[EventRounds "7"]
[EventCountry "CAN"]
[SourceTitle "EXT 2022"]
[Source "ChessBase"]
[SourceDate "2021.10.06"]
[SourceVersion "1"]
[SourceVersionDate "2021.10.06"]
[SourceQuality "1"]

1. c4 Nf6 2. Nf3 g6 3. Nc3 d5 4. cxd5 Nxd5 5. Qa4+ Bd7 6. Qb3 Nb6 7. d4 Bg7 8. Bf4 Be6 9. Qa3 Nc6 10. e3 O-O 11. Bb5 Nd5 12. Bg3 Nxc3 13. Qxc3 Bd5 14. O-O a6 15. Ba4 Rc8 16. Rac1 e6 17. a3 Qe7 18. Bh4 Qd6 19. Bg3 Qe7 20. Qc5 Bf6 21. Qxe7 Bxe7 22. Nd2 f5 23. Rfe1 Nxd4 24. Bd7 c6 25. Bxc8 1-0

[Event "Elite POM"]
[Site "Montreal CAN"]
[Date "2012.10.07"]
[Round "5.2"]
[White "Sambuev, Bator"]
[Black "Hambleton, Aman"]
[Result "0-1"]
[WhiteElo "2594"]
[BlackElo "2293"]
[PlyCount "50"]
[GameId "2160767909444796"]
[EventDate "2012.10.05"]
[EventType "swiss"]
[EventRounds "7"]
[EventCountry "CAN"]
[SourceTitle "EXT 2022"]
[Source "ChessBase"]
[SourceDate "2021.10.06"]
[SourceVersion "1"]
[SourceVersionDate "2021.10.06"]
[SourceQuality "1"]

1. d4 e6 2. Nf3 Nf6 3. e3 b6 4. Bd3 Bb7 5. O-O c5 6. c4 Be7 7. Nc3 cxd4 8. exd4 d5 9. b3 dxc4 10. bxc4 Nc6 11. Bb2 Nxd4 12. Nxd4 Qxd4 13. c5 Bxc5 14. Ne4 Qxb2 15. Qa4+ Kf8 16. Nxc5 bxc5 17. Rab1 Qc3 18. Rb3 Qd2 19. Rxb7 Qxd3 20. Qf4 Rc8 21. Rfb1 Qd4 22. Qf3 g6 23. Rd1 Qe5 24. Rxa7 Kg7 25. Rxf7+ Kxf7 0-1

[Event "Elite POM"]
[Site "Montreal CAN"]
[Date "2012.10.07"]
[Round "5.3"]
[White "Jiang, Louie"]
[Black "Larochelle, Martial"]
[Result "1/2-1/2"]
[WhiteElo "2357"]
[BlackElo "2201"]
[PlyCount "104"]
[GameId "2160767909444797"]
[EventDate "2012.10.05"]
[EventType "swiss"]
[EventRounds "7"]
[EventCountry "CAN"]
[SourceTitle "EXT 2022"]
[Source "ChessBase"]
[SourceDate "2021.10.06"]
[SourceVersion "1"]
[SourceVersionDate "2021.10.06"]
[SourceQuality "1"]

1. e4 e5 2. Nf3 Nc6 3. Bc4 Bc5 4. c3 Nf6 5. d3 O-O 6. Nbd2 a5 7. a4 d6 8. Qe2 Qe7 9. Bb3 Be6 10. Bc2 h6 11. Nf1 Ng4 12. Ne3 Nxe3 13. Bxe3 Bxe3 14. Qxe3 f5 15. exf5 Bxf5 16. O-O Bg4 17. Nd2 Rae8 18. Rae1 Qd7 19. Qg3 Bf5 20. f4 exf4 21. Rxf4 Rxe1+ 22. Qxe1 Be6 23. Rxf8+ Kxf8 24. d4 Qf7 25. Qe2 Bd5 26. Bd3 Qf4 27. Qf2 Qxf2+ 28. Kxf2 Ke7 29. Be4 Ke6 30. Ke3 Bxe4 31. Nxe4 b6 32. Ng3 Ne7 33. Ne2 Nd5+ 34. Kf3 c6 35. Ke4 b5 36. axb5 cxb5 37. Kd3 Nb6 38. Ng3 a4 39. Nf1 Nc4 40. Kc2 Na5 41. Ne3 d5 42. Kd3 Nc4 43. Nxc4 bxc4+ 44. Ke3 g6 45. g4 g5 46. Kd2 Kd6 47. Kc1 Kc6 48. Kb1 Kb5 49. Ka2 Kb6 50. Ka3 Kb5 51. Ka2 Kb6 52. Ka3 Kb5 1/2-1/2

[Event "Elite POM"]
[Site "Montreal CAN"]
[Date "2012.10.07"]
[Round "5.4"]
[White "Kraiouchkine, Nikita"]
[Black "Wu, Qiyou"]
[Result "1-0"]
[WhiteElo "2322"]
[BlackElo "2041"]
[PlyCount "67"]
[GameId "2160767909444798"]
[EventDate "2012.10.05"]
[EventType "swiss"]
[EventRounds "7"]
[EventCountry "CAN"]
[SourceTitle "EXT 2022"]
[Source "ChessBase"]
[SourceDate "2021.10.06"]
[SourceVersion "1"]
[SourceVersionDate "2021.10.06"]
[SourceQuality "1"]

1. e4 c5 2. Nc3 Nc6 3. g3 g6 4. Bg2 Bg7 5. Nge2 d6 6. d3 e6 7. Be3 Nge7 8. d4 cxd4 9. Nxd4 a6 10. f4 Qb6 11. Nf5 Qxb2 12. Nxg7+ Kf8 13. Bd2 Nd4 14. O-O Kxg7 15. f5 exf5 16. Bh6+ Kxh6 17. Qxd4 Be6 18. Qf6 Ng8 19. Qxh8 Rc8 20. exf5 Bxf5 21. g4 Bxg4 22. Rxf7 Qxa1+ 23. Kf2 Nf6 24. Qg7+ Kh5 25. Qxf6 h6 26. Rg7 Rf8 27. Qxf8 Qxc3 28. Rd7 Qxc2+ 29. Kg1 Qb1+ 30. Qf1 Qxa2 31. Rxb7 Qa3 32. h3 Qe3+ 33. Qf2 Qc1+ 34. Kh2 1-0

[Event "Elite POM"]
[Site "Montreal CAN"]
[Date "2012.10.07"]
[Round "5.5"]
[White "Le Duin, Thierry"]
[Black "Ibrahim, Anthony"]
[Result "1/2-1/2"]
[WhiteElo "2023"]
[BlackElo "2166"]
[PlyCount "149"]
[GameId "2160767909444799"]
[EventDate "2012.10.05"]
[EventType "swiss"]
[EventRounds "7"]
[EventCountry "CAN"]
[SourceTitle "EXT 2022"]
[Source "ChessBase"]
[SourceDate "2021.10.06"]
[SourceVersion "1"]
[SourceVersionDate "2021.10.06"]
[SourceQuality "1"]

1. d4 Nf6 2. Nf3 e6 3. Bg5 d5 4. e3 Be7 5. Nbd2 O-O 6. Bd3 h6 7. h4 c5 8. c3 Nc6 9. Ne5 Nxe5 10. dxe5 Nd7 11. f4 f5 12. exf6 Nxf6 13. Bxf6 Bxf6 14. Qh5 Qe8 15. Bg6 Qc6 16. Nf3 d4 17. exd4 cxd4 18. cxd4 Qc4 19. Rd1 Bd7 20. Ne5 Bxe5 21. Qxe5 Bb5 22. Bd3 Qb4+ 23. Ke2 Qxb2+ 24. Rd2 Bxd3+ 25. Kxd3 Qa3+ 26. Ke2 Qa6+ 27. Kf2 Rf5 28. Qe3 Qd6 29. g3 Rd8 30. Kg2 e5 31. Qb3+ Qd5+ 32. Qxd5+ Rxd5 33. fxe5 Rfxe5 34. Rc1 Re7 35. Kf3 Rf5+ 36. Kg2 Kf7 37. Rc8 Rd7 38. Rc3 Ke6 39. a3 b6 40. Rb3 g6 41. Rd1 Rc7 42. Rd2 h5 43. Kh3 Rc4 44. Re2+ Kd5 45. Re7 Ra4 46. Rd7+ Kc4 47. Rb4+ Rxb4 48. axb4 a5 49. bxa5 bxa5 50. Rd6 g5 51. hxg5 Rxg5 52. Kh4 Rd5 53. Ra6 Kb4 54. g4 hxg4 55. Kxg4 Rxd4+ 56. Kf3 a4 57. Ke3 Rd5 58. Rb6+ Kc4 59. Ra6 Kb3 60. Rb6+ Ka2 61. Ke4 Rd1 62. Ke3 a3 63. Ke2 Rd7 64. Rb8 Ka1 65. Rb3 a2 66. Rb8 Rh7 67. Kd2 Rh1 68. Kc2 Rh2+ 69. Kc1 Rh7 70. Kc2 Rc7+ 71. Kd2 Rh7 72. Kc1 Rh1+ 73. Kc2 Rb1 74. Rh8 Rb2+ 75. Kc3 1/2-1/2

[Event "Elite POM"]
[Site "Montreal CAN"]
[Date "2012.10.07"]
[Round "5.6"]
[White "Wan, Kevin"]
[Black "Lopez Linares, Lizandro"]
[Result "1-0"]
[WhiteElo "1828"]
[BlackElo "2096"]
[PlyCount "115"]
[GameId "2160767909444800"]
[EventDate "2012.10.05"]
[EventType "swiss"]
[EventRounds "7"]
[EventCountry "CAN"]
[SourceTitle "EXT 2022"]
[Source "ChessBase"]
[SourceDate "2021.10.06"]
[SourceVersion "1"]
[SourceVersionDate "2021.10.06"]
[SourceQuality "1"]

1. e4 c6 2. d4 d5 3. e5 Bf5 4. Bd3 Bxd3 5. Qxd3 e6 6. c3 c5 7. Nf3 Nc6 8. O-O Nh6 9. Be3 Qb6 10. b3 Rc8 11. Nbd2 cxd4 12. cxd4 Ba3 13. Bxh6 gxh6 14. Rab1 Bf8 15. Rfc1 Bg7 16. Nf1 O-O 17. Ng3 f6 18. exf6 Bxf6 19. Ne2 Bg7 20. Qe3 Rce8 21. Rd1 e5 22. dxe5 Qxe3 23. fxe3 Nxe5 24. Nxe5 Rxe5 25. Rd3 Rfe8 26. Kf2 Rc8 27. Rbd1 Rf5+ 28. Nf4 d4 29. g3 dxe3+ 30. Kxe3 Re8+ 31. Kf3 Rfe5 32. Rd8 Kf7 33. Rxe8 Kxe8 34. Rd2 Ke7 35. Re2 Kd6 36. Rxe5 Bxe5 37. Ke4 b5 38. Ne2 Bb2 39. Nd4 Kc5 40. Nc2 a5 41. Kd3 Be5 42. Ne3 Kb4 43. Nc2+ Kc5 44. Ke4 Bb2 45. h4 a4 46. g4 Bg7 47. h5 Bc3 48. Kd3 Bg7 49. Ne3 Kb4 50. bxa4 Kxa4 51. Nc2 b4 52. Kc4 Bf8 53. Kd5 Kb5 54. Ke6 Kc4 55. Kf7 Bd6 56. Ne3+ Kc3 57. Kg7 Be5+ 58. Kxh7 1-0

[Event "Elite POM"]
[Site "Montreal CAN"]
[Date "2012.10.07"]
[Round "5.7"]
[White "Chiku-Ratte, Olivier-Kenta"]
[Black "Cardin, Guillaume"]
[Result "1-0"]
[WhiteElo "2214"]
[BlackElo "2021"]
[PlyCount "49"]
[GameId "2160767909444801"]
[EventDate "2012.10.05"]
[EventType "swiss"]
[EventRounds "7"]
[EventCountry "CAN"]
[SourceTitle "EXT 2022"]
[Source "ChessBase"]
[SourceDate "2021.10.06"]
[SourceVersion "1"]
[SourceVersionDate "2021.10.06"]
[SourceQuality "1"]

1. d4 Nf6 2. c4 e6 3. Nc3 Bb4 4. e3 b6 5. Nge2 Ba6 6. a3 Bxc3+ 7. Nxc3 d5 8. Qf3 c6 9. b3 Qc8 10. Be2 Nbd7 11. O-O O-O 12. e4 dxe4 13. Nxe4 Nxe4 14. Qxe4 Bb7 15. Bd3 g6 16. Qh4 c5 17. dxc5 Qc6 18. f3 Qxc5+ 19. Kh1 Ne5 20. Bc2 Rfd8 21. Bb2 Rd2 22. Qf6 Rxc2 23. Bxe5 Kf8 24. Rad1 Ke8 25. Bd6 1-0

[Event "Elite POM"]
[Site "Montreal CAN"]
[Date "2012.10.07"]
[Round "5.8"]
[White "Zhu, Hong Rui"]
[Black "Libersan, Thierry"]
[Result "1/2-1/2"]
[WhiteElo "2074"]
[BlackElo "2111"]
[PlyCount "127"]
[GameId "2160767909444802"]
[EventDate "2012.10.05"]
[EventType "swiss"]
[EventRounds "7"]
[EventCountry "CAN"]
[SourceTitle "EXT 2022"]
[Source "ChessBase"]
[SourceDate "2021.10.06"]
[SourceVersion "1"]
[SourceVersionDate "2021.10.06"]
[SourceQuality "1"]

1. e4 c5 2. Nf3 e6 3. c3 d5 4. e5 Ne7 5. d4 Nec6 6. Be2 b6 7. O-O Ba6 8. Bxa6 Nxa6 9. Qa4 Nab8 10. Be3 Qd7 11. Qd1 Be7 12. Nbd2 Qb7 13. Re1 h6 14. Nf1 Nd7 15. Ng3 cxd4 16. cxd4 O-O-O 17. a3 Kb8 18. b4 Rc8 19. Qb3 b5 20. Qd3 a6 21. Nd2 Bxb4 22. axb4 Nxb4 23. Qe2 Nc2 24. Nb3 Nxe1 25. Qxe1 Qb6 26. Ra2 Rc7 27. Qa1 Kb7 28. Ne2 Rhc8 29. Nc5+ Rxc5 30. dxc5 Nxc5 31. Rc2 Nb3 32. Bxb6 Nxa1 33. Rxc8 Kxc8 34. Nd4 b4 35. Ba5 b3 36. Bc3 Nc2 37. Nxb3 Kb7 38. Kf1 Kb6 39. Ke2 Na3 40. Kd3 Nc4 41. Nd2 Nxd2 42. Bxd2 Kc5 43. Ba5 f6 44. Bc3 fxe5 45. Bxe5 g6 46. Bg7 h5 47. Bf8+ Kb5 48. f4 a5 49. Kc3 a4 50. Kd4 Kc6 51. g3 Kb5 52. Kc3 Ka5 53. Kd4 Kb6 54. h3 Kc6 55. g4 hxg4 56. hxg4 Kb5 57. g5 Kc6 58. Bb4 Kb5 59. Ba3 Kc6 60. Bb2 Kb5 61. Ba1 Kb4 62. Ke5 Kc4 63. Bb2 Kb3 64. Ba1 1/2-1/2

[Event "Elite POM"]
[Site "Montreal CAN"]
[Date "2012.10.07"]
[Round "5.9"]
[White "Nikulich, Oleksandr"]
[Black "Guo, Forest"]
[Result "1/2-1/2"]
[WhiteElo "1825"]
[BlackElo "1928"]
[PlyCount "87"]
[GameId "2160767909444803"]
[EventDate "2012.10.05"]
[EventType "swiss"]
[EventRounds "7"]
[EventCountry "CAN"]
[SourceTitle "EXT 2022"]
[Source "ChessBase"]
[SourceDate "2021.10.06"]
[SourceVersion "1"]
[SourceVersionDate "2021.10.06"]
[SourceQuality "1"]

1. Nf3 c5 2. c4 Nf6 3. d4 cxd4 4. Nxd4 Nc6 5. Nc3 e6 6. Ndb5 d6 7. Bf4 e5 8. Bg5 a6 9. Na3 Be6 10. g3 Be7 11. Bg2 O-O 12. O-O Qd7 13. Qd2 Rfd8 14. Rfd1 Rac8 15. Bxf6 Bxf6 16. b3 Be7 17. Nc2 Qc7 18. Nd5 Bxd5 19. Bxd5 b5 20. Bxc6 Qxc6 21. Nb4 Qb7 22. Qd5 Rd7 23. cxb5 axb5 24. Qxb7 Rxb7 25. Rac1 Ra8 26. Rc2 f5 27. Rdc1 Kf7 28. f3 Ke6 29. e4 g6 30. Rc7 Raa7 31. Rxb7 Rxb7 32. Nd5 Bd8 33. Rc2 h5 34. Kf1 Ra7 35. Ke1 h4 36. Kf1 Kd7 37. g4 fxg4 38. fxg4 h3 39. Ke2 Bh4 40. Kd2 Kd8 41. Ke2 Rf7 42. Ke3 Bg5+ 43. Ke2 Bh4 44. Ke3 1/2-1/2

[Event "Elite POM"]
[Site "Montreal CAN"]
[Date "2012.10.07"]
[Round "5.10"]
[White "Poulin, Mathieu"]
[Black "Robichaud, Louis"]
[Result "0-1"]
[WhiteElo "2039"]
[BlackElo "2141"]
[PlyCount "98"]
[GameId "2160767909444804"]
[EventDate "2012.10.05"]
[EventType "swiss"]
[EventRounds "7"]
[EventCountry "CAN"]
[SourceTitle "EXT 2022"]
[Source "ChessBase"]
[SourceDate "2021.10.06"]
[SourceVersion "1"]
[SourceVersionDate "2021.10.06"]
[SourceQuality "1"]

1. d4 Nf6 2. c4 g6 3. Nc3 Bg7 4. e4 d6 5. f3 O-O 6. Be3 c5 7. dxc5 dxc5 8. Qxd8 Rxd8 9. Bxc5 Nc6 10. Nd5 Nd7 11. Nxe7+ Nxe7 12. Bxe7 Bxb2 13. Bxd8 Bxa1 14. Bc7 Ne5 15. f4 Bc3+ 16. Kd1 Ng4 17. Nh3 Ne3+ 18. Ke2 Nxc4 19. Kd3 Ba5 20. Bxa5 Nxa5 21. Be2 Be6 22. Ke3 Rc8 23. Bd3 Rc3 24. Kd4 Ra3 25. f5 Nc6+ 26. Kc5 Rc3+ 27. Kb5 Bxa2 28. Rd1 Ra3 29. Kc5 gxf5 30. exf5 Ra5+ 31. Kd6 Bb3 32. Rd2 Rd5+ 33. Kc7 Ne5 34. Nf4 Rd4 35. g3 Bc4 36. Kxb7 Bxd3 37. Kxa7 Bxf5 38. Rxd4 Nc6+ 39. Kb6 Nxd4 40. Nh5 Bg6 41. Nf6+ Kg7 42. Ne8+ Kf8 43. Nf6 Ke7 44. Ng4 h5 45. Nf2 Nf3 46. h3 Kd6 47. Kb5 Kd5 48. Nd1 Ke4 49. h4 Nd2 0-1

[Event "Elite POM"]
[Site "Montreal CAN"]
[Date "2012.10.07"]
[Round "5.11"]
[White "Yu, Zong Yang"]
[Black "Zhou, Qiyu"]
[Result "1-0"]
[WhiteElo "2139"]
[BlackElo "1921"]
[PlyCount "77"]
[GameId "2160767909444805"]
[EventDate "2012.10.05"]
[EventType "swiss"]
[EventRounds "7"]
[EventCountry "CAN"]
[SourceTitle "EXT 2022"]
[Source "ChessBase"]
[SourceDate "2021.10.06"]
[SourceVersion "1"]
[SourceVersionDate "2021.10.06"]
[SourceQuality "1"]

1. d4 Nf6 2. c4 e6 3. Nf3 b6 4. g3 Ba6 5. b3 Bb4+ 6. Bd2 Be7 7. Bg2 c6 8. O-O d5 9. Ne5 Nfd7 10. Bf4 Nxe5 11. Bxe5 O-O 12. Nd2 Nd7 13. Bf4 Bf6 14. cxd5 cxd5 15. Nf3 Rc8 16. Qd2 Qe7 17. Rfc1 g6 18. h4 Bg7 19. a4 Nf6 20. Ne5 Ne4 21. Bxe4 dxe4 22. b4 Bb7 23. b5 Bxe5 24. dxe5 Rfd8 25. Qe3 Qb4 26. Bh6 Rd7 27. Qf4 Rxc1+ 28. Rxc1 Qe7 29. Bg5 Qf8 30. h5 Qb4 31. Qf6 Qf8 32. h6 a6 33. Kh2 e3 34. Bxe3 a5 35. g4 Rd8 36. Rc7 Rb8 37. g5 Be4 38. Bxb6 Bd5 39. Bc5 1-0

[Event "Elite POM"]
[Site "Montreal CAN"]
[Date "2012.10.07"]
[Round "5.12"]
[White "Pichette, Mickaelin"]
[Black "Sprumont, Oscar"]
[Result "0-1"]
[WhiteElo "1894"]
[BlackElo "1916"]
[PlyCount "94"]
[GameId "2160767909444806"]
[EventDate "2012.10.05"]
[EventType "swiss"]
[EventRounds "7"]
[EventCountry "CAN"]
[SourceTitle "EXT 2022"]
[Source "ChessBase"]
[SourceDate "2021.10.06"]
[SourceVersion "1"]
[SourceVersionDate "2021.10.06"]
[SourceQuality "1"]

1. d4 Nf6 2. c4 g6 3. Nc3 d5 4. Bg5 Ne4 5. Nxe4 dxe4 6. f3 exf3 7. Nxf3 Bg7 8. e3 c5 9. Be2 Nc6 10. d5 Ne5 11. Qc2 Qa5+ 12. Nd2 e6 13. O-O O-O 14. Be7 Re8 15. Nb3 Qc7 16. d6 Qc6 17. Bf3 Nxf3+ 18. Rxf3 Bf8 19. Bxf8 Rxf8 20. Rd1 Rd8 21. Qf2 Rxd6 22. Rf1 f5 23. Qg3 Qc7 24. e4 b6 25. Rd3 Rd7 26. Qxc7 Rxc7 27. Rd8+ Kg7 28. exf5 exf5 29. Rfd1 Kh6 30. Nc1 Bb7 31. R8d7 Rac8 32. Ne2 Bc6 33. Rxc7 Rxc7 34. Nf4 Rd7 35. Rxd7 Bxd7 36. Kf2 g5 37. Nd5 Be6 38. Ke3 Bxd5 39. cxd5 Kg6 40. a4 Kf6 41. Kd3 Ke5 42. Kc4 f4 43. h3 h5 44. Kb5 Kxd5 45. Ka6 g4 46. hxg4 hxg4 47. Kxa7 Kc6 0-1

[Event "Elite POM"]
[Site "Montreal CAN"]
[Date "2012.10.07"]
[Round "5.13"]
[White "Gueorguiev, Valentin"]
[Black "Roy, Myriam"]
[Result "1-0"]
[WhiteElo "1996"]
[BlackElo "2042"]
[PlyCount "111"]
[GameId "2160767909444807"]
[EventDate "2012.10.05"]
[EventType "swiss"]
[EventRounds "7"]
[EventCountry "CAN"]
[SourceTitle "EXT 2022"]
[Source "ChessBase"]
[SourceDate "2021.10.06"]
[SourceVersion "1"]
[SourceVersionDate "2021.10.06"]
[SourceQuality "1"]

1. Nf3 d5 2. g3 Nf6 3. Bg2 e6 4. O-O Be7 5. b3 O-O 6. Bb2 b6 7. d3 Bb7 8. Nbd2 c5 9. a4 Nbd7 10. Re1 d4 11. e4 e5 12. Nc4 Qc7 13. Bc1 a6 14. a5 b5 15. Ncd2 Nb8 16. Nh4 Nc6 17. Ndf3 Rfe8 18. Bd2 Bf8 19. Bg5 Nd7 20. Bh3 Bc8 21. Bd2 b4 22. Ra4 Nxa5 23. Ng5 Nf6 24. Bxc8 Rexc8 25. f4 Nc6 26. f5 Bd6 27. Nh3 Kf8 28. g4 h6 29. Kh1 Ke7 30. Qf3 Rh8 31. Rea1 a5 32. Nf2 Kd7 33. Ng2 Be7 34. Kg1 Ne8 35. h4 Kc8 36. Nh3 Kb7 37. g5 hxg5 38. Nxg5 Nd6 39. Qg3 Bf6 40. Nf3 Qe7 41. Kf1 g6 42. fxg6 Rag8 43. Rxa5 Nxa5 44. Rxa5 Kb6 45. Ra4 Rxg6 46. Ng5 Nb5 47. Ne1 Bxg5 48. hxg5 f6 49. Nf3 Qe6 50. Kf2 Rg7 51. Ra1 Na3 52. Rc1 Rh3 53. Qg2 fxg5 54. Nxg5 Qf6+ 55. Ke2 Qh6 56. Qxh3 1-0

[Event "Elite POM"]
[Site "Montreal CAN"]
[Date "2012.10.07"]
[Round "5.14"]
[White "Cote-Lalumiere, Tristan"]
[Black "Rondon, Luciano"]
[Result "1-0"]
[WhiteElo "1840"]
[BlackElo "2014"]
[PlyCount "45"]
[GameId "2160767909444808"]
[EventDate "2012.10.05"]
[EventType "swiss"]
[EventRounds "7"]
[EventCountry "CAN"]
[SourceTitle "EXT 2022"]
[Source "ChessBase"]
[SourceDate "2021.10.06"]
[SourceVersion "1"]
[SourceVersionDate "2021.10.06"]
[SourceQuality "1"]

1. e4 c5 2. Nf3 e6 3. Nc3 Nc6 4. Be2 d6 5. d4 cxd4 6. Nxd4 Nf6 7. O-O Be7 8. Be3 O-O 9. Kh1 e5 10. Nb3 a5 11. a4 Nb4 12. Qd2 Bd7 13. f4 Bc6 14. Bf3 Rc8 15. Rad1 Qd7 16. f5 d5 17. exd5 Rfd8 18. Qf2 Nbxd5 19. Nxd5 Nxd5 20. Bxd5 Bxd5 21. Bb6 Qc6 22. Bxd8 Bxd8 23. Qd2 1-0

[Event "Elite POM"]
[Site "Montreal CAN"]
[Date "2012.10.08"]
[Round "6.1"]
[White "Kraiouchkine, Nikita"]
[Black "Kovalyov, Anton"]
[Result "1/2-1/2"]
[WhiteElo "2322"]
[BlackElo "2589"]
[PlyCount "151"]
[GameId "2160767909444809"]
[EventDate "2012.10.05"]
[EventType "swiss"]
[EventRounds "7"]
[EventCountry "CAN"]
[SourceTitle "EXT 2022"]
[Source "ChessBase"]
[SourceDate "2021.10.06"]
[SourceVersion "1"]
[SourceVersionDate "2021.10.06"]
[SourceQuality "1"]

1. e4 c5 2. Nf3 d6 3. d4 cxd4 4. Nxd4 Nf6 5. Nc3 a6 6. Bc4 e6 7. O-O Be7 8. f4 b5 9. Bb3 Bb7 10. e5 dxe5 11. fxe5 Bc5 12. Be3 Nc6 13. exf6 Bxd4 14. fxg7 Bxe3+ 15. Kh1 Rg8 16. Bxe6 Rxg7 17. Bxf7+ Rxf7 18. Qh5 Qd7 19. Ne4 Kf8 20. Qxh7 Qd5 21. Nd6 Nd8 22. Nxb7 Qxb7 23. Qh8+ Ke7 24. Qe5+ Ne6 25. Rxf7+ Kxf7 26. Qxe3 Rg8 27. Rf1+ Ke7 28. Qf3 Qxf3 29. Rxf3 Rd8 30. Kg1 Nc5 31. Re3+ Kf6 32. Kf2 Na4 33. b3 Nc5 34. a3 Kf5 35. Kf3 Ne6 36. g4+ Kf6 37. c4 Nd4+ 38. Kf4 Ne6+ 39. Kf3 bxc4 40. bxc4 Rd4 41. Rc3 Ng5+ 42. Ke3 Rxg4 43. Rb3 Re4+ 44. Kd3 Re6 45. c5 Ke5 46. Rb6 Kd5 47. h4 Kxc5 48. Rxe6 Nxe6 49. Ke4 Ng7 50. Ke5 Nh5 51. Kf5 Kd5 52. Kg5 Ng3 53. Kf4 Ne2+ 54. Ke3 Nd4 55. h5 a5 56. Kd3 Nf5 57. Kc3 Kc5 58. Kb3 Kb5 59. Kc3 Nh6 60. Kb3 Ng4 61. Kc3 Ka4 62. Kb2 Nh6 63. Ka2 Kb5 64. Kb3 Ng8 65. Kc3 Kc5 66. Kb3 Nh6 67. Kc3 Ng4 68. Kb3 Kb6 69. Kc3 Kb5 70. Kb3 a4+ 71. Kc3 Kc5 72. Kd3 Nf2+ 73. Kc3 Ng4 74. Kd3 Ne5+ 75. Kc3 Nf7 76. Kd3 1/2-1/2

[Event "Elite POM"]
[Site "Montreal CAN"]
[Date "2012.10.08"]
[Round "6.2"]
[White "Hambleton, Aman"]
[Black "Larochelle, Martial"]
[Result "1-0"]
[WhiteElo "2293"]
[BlackElo "2201"]
[PlyCount "57"]
[GameId "2160767909444810"]
[EventDate "2012.10.05"]
[EventType "swiss"]
[EventRounds "7"]
[EventCountry "CAN"]
[SourceTitle "EXT 2022"]
[Source "ChessBase"]
[SourceDate "2021.10.06"]
[SourceVersion "1"]
[SourceVersionDate "2021.10.06"]
[SourceQuality "1"]

1. d4 Nf6 2. c4 g6 3. Nc3 d5 4. cxd5 Nxd5 5. Bd2 Bg7 6. e4 Nb6 7. Be3 O-O 8. h3 e5 9. d5 c6 10. Qb3 cxd5 11. exd5 Na6 12. Nf3 h6 13. Rd1 Qd6 14. Bxa6 bxa6 15. Ne4 Qd7 16. Bxh6 Rd8 17. O-O Qb7 18. Bxg7 Kxg7 19. Nxe5 Nxd5 20. Qxb7 Bxb7 21. Nc5 Rab8 22. Rd2 Re8 23. Ned7 Rbd8 24. Nxb7 Rxd7 25. Nc5 Rd6 26. Rfd1 Re5 27. Nd3 Re4 28. Nc1 Rc4 29. Nb3 1-0

[Event "Elite POM"]
[Site "Montreal CAN"]
[Date "2012.10.08"]
[Round "6.3"]
[White "Ibrahim, Anthony"]
[Black "Wan, Kevin"]
[Result "1/2-1/2"]
[WhiteElo "2166"]
[BlackElo "1828"]
[PlyCount "64"]
[GameId "2160767909444811"]
[EventDate "2012.10.05"]
[EventType "swiss"]
[EventRounds "7"]
[EventCountry "CAN"]
[SourceTitle "EXT 2022"]
[Source "ChessBase"]
[SourceDate "2021.10.06"]
[SourceVersion "1"]
[SourceVersionDate "2021.10.06"]
[SourceQuality "1"]

1. e4 e6 2. d4 d5 3. Nc3 Bb4 4. e5 c5 5. a3 Bxc3+ 6. bxc3 Ne7 7. Qg4 Qc7 8. Qxg7 Rg8 9. Qxh7 cxd4 10. Ne2 Nbc6 11. f4 dxc3 12. Qd3 Bd7 13. Nxc3 a6 14. Rb1 Rc8 15. Bd2 Na5 16. g3 Nc4 17. Rb3 b6 18. Bg2 Qc5 19. Ne2 Bb5 20. Bb4 Qc7 21. Qc3 Nf5 22. Nd4 Nxd4 23. Qxd4 a5 24. Bd2 Ba4 25. Rc3 b5 26. O-O b4 27. axb4 axb4 28. Rcf3 Nxd2 29. Qxd2 Qc5+ 30. Kh1 Bxc2 31. Rc1 Qc4 32. Bf1 Qe4 1/2-1/2

[Event "Elite POM"]
[Site "Montreal CAN"]
[Date "2012.10.08"]
[Round "6.4"]
[White "Masse, Hugues"]
[Black "Sambuev, Bator"]
[Result "0-1"]
[WhiteElo "2255"]
[BlackElo "2594"]
[PlyCount "72"]
[GameId "2160767909444812"]
[EventDate "2012.10.05"]
[EventType "swiss"]
[EventRounds "7"]
[EventCountry "CAN"]
[SourceTitle "EXT 2022"]
[Source "ChessBase"]
[SourceDate "2021.10.06"]
[SourceVersion "1"]
[SourceVersionDate "2021.10.06"]
[SourceQuality "1"]

1. d4 d5 2. c4 c6 3. Nf3 e6 4. e3 f5 5. Bd3 Nf6 6. O-O Bd6 7. b3 Qe7 8. a4 a5 9. Ba3 Bxa3 10. Nxa3 O-O 11. Nc2 b6 12. Ne5 Nfd7 13. Nxd7 Nxd7 14. f4 Bb7 15. Ne1 c5 16. Nf3 Rad8 17. Qe2 Nf6 18. dxc5 bxc5 19. cxd5 Bxd5 20. Ne5 Qb7 21. Bc4 Ne4 22. Qc2 Rd6 23. Rfd1 Rfd8 24. Rac1 h6 25. Bb5 Kh7 26. Rd3 g5 27. Qe2 Qg7 28. Qh5 gxf4 29. exf4 c4 30. bxc4 Bxc4 31. Re3 Rd2 32. g3 Bxb5 33. axb5 Rb2 34. Rxe4 fxe4 35. Rc7 Rd1+ 36. Qxd1 Qxc7 0-1